[Event "Oberpfalz-ch M1"]
[Site "Burglengenfeld"]
[Date "2012.03.31"]
[Round "1"]
[White "Lichtenegger, Diana"]
[Black "Fuhrmann, Max"]
[Result "1-0"]
[WhiteElo "2069"]
[BlackElo "2158"]
[PlyCount "71"]
[EventDate "2012.03.31"]
[EventType "swiss"]
[EventRounds "8"]
[EventCountry "GER"]
[SourceTitle "EXT 2022"]
[Source "ChessBase"]
[SourceDate "2021.10.06"]
[SourceVersion "1"]
[SourceVersionDate "2021.10.06"]
[SourceQuality "1"]

1. e4 c6 2. d4 d5 3. e5 Bf5 4. Be2 e6 5. c3 c5 6. Nf3 Nc6 7. Nbd2 Nge7 8. Qa4 cxd4 9. cxd4 a6 10. 0-0 Qd7 11. Qd1 Nb4 12. Nb3 Nc2 13. Rb1 Nxd4 14. Nfxd4 Bxb1 15. Bg5 Bg6 16. Nc5 Qc7 17. Qa4+ Nc6 18. Nxb7 Qxb7 19. Nxc6 f6 20. exf6 gxf6 21. Bxf6 Bg7 22. Na5+ Qd7 23. Qxd7+ Kxd7 24. Bxg7 Rhc8 25. Bg4 Rg8 26. Bc3 Bd3 27. Rd1 Rxg4 28. Rxd3 Kd6 29. f3 Rg5 30. Nc4+ Kc5 31. Ne5 h5 32. Bd4+ Kb5 33. Rb3+ Ka4 34. Nd3 Rc8 35. Nc5+ Ka5 36. Bc3# 1-0

[Event "Oberpfalz-ch M1"]
[Site "Regensburg"]
[Date "2011.04.18"]
[Round "5"]
[White "Berisha, Shpend"]
[Black "Lichtenegger, Diana"]
[Result "1/2-1/2"]
[WhiteElo "2051"]
[BlackElo "2069"]
[PlyCount "139"]
[EventDate "2011.04.16"]
[EventType "swiss"]
[EventRounds "8"]
[EventCountry "GER"]
[SourceTitle "EXT 2022"]
[Source "ChessBase"]
[SourceDate "2021.10.06"]
[SourceVersion "1"]
[SourceVersionDate "2021.10.06"]
[SourceQuality "1"]

1. d4 d5 2. c4 e6 3. Nc3 Nf6 4. Nf3 Bb4 5. Bg5 c6 6. cxd5 exd5 7. a3 Bxc3+ 8. bxc3 h6 9. Bh4 g5 10. Bg3 Ne4 11. Rc1 h5 12. Nd2 Nxd2 13. Qxd2 h4 14. Qe3+ Qe7 15. Qxe7+ Kxe7 16. Bxb8 Rxb8 17. c4 Rd8 18. e3 Be6 19. Kd2 b6 20. cxd5 Bxd5 21. f3 Rbc8 22. Ba6 Rc7 23. e4 Bxe4 24. fxe4 Rxd4+ 25. Bd3 Rcd7 26. Rc3 Rxe4 27. Re1 Rxe1 28. Kxe1 c5 29. Ke2 Kf6 30. Rc1 Ke5 31. Rf1 f6 32. Rf3 Rd4 33. Bb5 g4 34. Rf1 f5 35. Bc6 f4 36. Rc1 Rd6 37. Bb7 Rh6 38. Rc3 h3 39. gxh3 f3+ 40. Kf2 Rxh3 41. Re3+ Kd6 42. Kg1 f2+ 43. Kxf2 Rxh2+ 44. Bg2 Rh6 45. Rd3+ Ke5 46. Kg3 Rd6 47. Re3+ Kf5 48. Be4+ Kg5 49. Bd3 Rd4 50. Be2 Ra4 51. Bb5 Rd4 52. Rc3 Kf6 53. Ba6 Ke5 54. Bc8 c4 55. Ba6 Kd5 56. Re3 Kc5 57. Re5+ Rd5 58. Re3 b5 59. Kxg4 Kd4 60. Kf3 c3 61. Ke2 c2 62. Rd3+ Kc4 63. Rxd5 c1Q 64. Rxb5 Qc2+ 65. Ke3 Qd3+ 66. Kf2 Qd2+ 67. Kf3 Kc3 68. Re5 Kb2 69. Re2 Qxe2+ 70. Bxe2 1/2-1/2

[Event "Oberpfalz-ch M1"]
[Site "Regensburg"]
[Date "2011.04.18"]
[Round "6"]
[White "Lichtenegger, Diana"]
[Black "Riedl, Maximilian"]
[Result "1/2-1/2"]
[WhiteElo "2069"]
[BlackElo "2038"]
[PlyCount "97"]
[EventDate "2011.04.16"]
[EventType "swiss"]
[EventRounds "8"]
[EventCountry "GER"]
[SourceTitle "EXT 2022"]
[Source "ChessBase"]
[SourceDate "2021.10.06"]
[SourceVersion "1"]
[SourceVersionDate "2021.10.06"]
[SourceQuality "1"]

1. e4 c5 2. Nf3 Nf6 3. e5 Nd5 4. Bc4 e6 5. Bxd5 exd5 6. d4 d6 7. 0-0 dxe5 8. Nxe5 Nc6 9. Re1 Be6 10. Nxc6 bxc6 11. Qh5 Qf6 12. Bg5 Qg6 13. Qxg6 hxg6 14. dxc5 Bxc5 15. Nd2 0-0 16. c3 Rfe8 17. Nf3 Bd6 18. Nd4 Bd7 19. Rad1 Rxe1+ 20. Rxe1 Re8 21. Rxe8+ Bxe8 22. Nb3 a6 23. Be3 Bd7 24. Nc5 Bc8 25. b4 f6 26. f4 Kf7 27. g3 Bc7 28. Kf2 Ke7 29. Kf3 a5 30. bxa5 Bxa5 31. Bd4 Bb6 32. Ke3 g5 33. fxg5 fxg5 34. a4 Bxc5 35. Bxc5+ Ke8 36. Kd4 Kd7 37. Bf8 g6 38. Kc5 Kc7 39. a5 Ba6 40. h3 g4 41. hxg4 Kb7 42. Be7 Bb5 43. Bd8 Bc4 44. Kd6 Be2 45. g5 Bd3 46. Ke5 Bc4 47. Kd6 Bb5 48. Bb6 Ba6 49. Bd8 1/2-1/2

[Event "Oberpfalz-ch M1"]
[Site "Regensburg"]
[Date "2011.04.17"]
[Round "3"]
[White "Wltschek, Christian"]
[Black "Lichtenegger, Diana"]
[Result "1/2-1/2"]
[WhiteElo "2023"]
[BlackElo "2069"]
[PlyCount "55"]
[EventDate "2011.04.16"]
[EventType "swiss"]
[EventRounds "8"]
[EventCountry "GER"]
[SourceTitle "EXT 2022"]
[Source "ChessBase"]
[SourceDate "2021.10.06"]
[SourceVersion "1"]
[SourceVersionDate "2021.10.06"]
[SourceQuality "1"]

1. e4 e5 2. Nf3 Nc6 3. d4 exd4 4. Nxd4 Qh4 5. Nc3 Bb4 6. Be2 Qxe4 7. Ndb5 Bxc3+ 8. bxc3 Kd8 9. 0-0 Nf6 10. Rb1 Re8 11. Bf3 Qc4 12. Bg5 a6 13. Bxf6+ gxf6 14. Nd4 Qxc3 15. Ne2 Qc5 16. Ng3 d6 17. Qd2 Rh8 18. Ne4 Qe5 19. c3 h5 20. Rfe1 h4 21. Rbd1 Bd7 22. c4 h3 23. g3 Qf5 24. Bh1 Ne5 25. Qc3 Bc6 26. f4 Nd7 27. c5 Re8 28. cxd6 1/2-1/2

[Event "Oberpfalz-ch M1"]
[Site "Regensburg"]
[Date "2011.04.16"]
[Round "1"]
[White "Werner, Claus"]
[Black "Lichtenegger, Diana"]
[Result "1-0"]
[WhiteElo "2236"]
[BlackElo "2069"]
[PlyCount "94"]
[EventDate "2011.04.16"]
[EventType "swiss"]
[EventRounds "8"]
[EventCountry "GER"]
[SourceTitle "EXT 2022"]
[Source "ChessBase"]
[SourceDate "2021.10.06"]
[SourceVersion "1"]
[SourceVersionDate "2021.10.06"]
[SourceQuality "1"]

1. d4 d5 2. c4 c6 3. Nc3 e5 4. e3 exd4 5. exd4 Bb4 6. Nf3 Nf6 7. Bd3 0-0 8. 0-0 Bg4 9. cxd5 Nxd5 10. Ne4 Nd7 11. a3 Be7 12. h3 Bh5 13. Ng3 Bg6 14. Nf5 Bf6 15. Qc2 Qc7 16. g3 Rac8 17. Bg5 Rfd8 18. Rfe1 Nf8 19. Bxf6 gxf6 20. Qd2 Ne6 21. Qh6 Ne7 22. N3h4 Rd5 23. Rxe6 Nxf5 24. Bxf5 Rxf5 25. Re2 Rh5 26. Qd2 Qd8 27. Kh2 Qd6 28. Ng2 Rd5 29. Rae1 Rxd4 30. Qa5 Qb8 31. Qc5 Rcd8 32. Nf4 Rd2 33. h4 Rxe2 34. Rxe2 a6 35. h5 Bb1 36. h6 Re8 37. Rxe8+ Qxe8 38. Qd6 Qf8 39. Qxf6 Bg6 40. Qh4 Qd6 41. Qg4 Qf8 42. Kg2 Kh8 43. Qd7 Qxh6 44. Qxb7 Be4+ 45. f3 Bd5 46. Qxa6 Qf6 47. Qc8+ Kg7 1-0

[Event "BL2 Sued 0708 (Women)"]
[Site "Germany"]
[Date "2007.11.11"]
[Round "2.1"]
[White "Horvath, Maria"]
[Black "Lichtenegger, Diana"]
[Result "1-0"]
[WhiteElo "2004"]
[BlackElo "2121"]
[PlyCount "135"]
[EventDate "2007.11.10"]
[EventType "team-tourn"]
[EventRounds "7"]
[EventCountry "GER"]
[SourceTitle "EXT 2009"]
[Source "ChessBase"]
[SourceDate "2008.11.26"]
[SourceVersion "1"]
[SourceVersionDate "2008.11.26"]
[SourceQuality "1"]
[WhiteTeam "Augsburg (W)"]
[BlackTeam "Tegernheim (W)"]
[WhiteTeamCountry "GER"]
[BlackTeamCountry "GER"]

1. d4 d5 2. c4 e6 3. Nc3 Nf6 4. cxd5 exd5 5. Bg5 c6 6. Qc2 Nbd7 7. e3 Qa5 8. Bd3 Bb4 9. Nf3 0-0 10. 0-0 Bd6 11. a3 h6 12. Bh4 g5 13. Bg3 Bxg3 14. hxg3 Ng4 15. b4 Qd8 16. b5 Ndf6 17. bxc6 bxc6 18. Na4 Qd6 19. Rfc1 Bd7 20. Nc5 Rfc8 21. Rab1 Be8 22. Rb7 Rc7 23. Rcb1 Rac8 24. Bf5 Ra8 25. Rxc7 Qxc7 26. Rb7 Qd6 27. Bxg4 Nxg4 28. Qf5 Nf6 29. Qe5 Qd8 30. Na6 Qc8 31. Qc7 Qf5 32. Nc5 Qc2 33. Qa5 Ng4 34. Qd2 Qf5 35. Nd3 Qc8 36. Qb2 Qf5 37. Nde5 f6 38. Nxg4 Qxg4 39. Qb4 Qh5 40. Qe7 Qf7 41. Qxf7+ Bxf7 42. Nd2 Kg7 43. Nb3 Kg6 44. Kf1 Be8 45. Ke2 f5 46. Na5 Kf6 47. Kd3 Ke6 48. Kc3 Bd7 49. Nb3 Kd6 50. Nc5 Be8 51. Rh7 h5 52. Rg7 g4 53. Rg5 Rc8 54. Rxf5 Rc7 55. Rf6+ Ke7 56. Rh6 Bf7 57. Nd3 Kf8 58. Rh8+ Kg7 59. Rb8 Bg6 60. Nc5 Rf7 61. Rb7 Rxb7 62. Nxb7 Kf6 63. Kb4 Be4 64. Kc5 Bxg2 65. Kxc6 Ke6 66. Nc5+ Ke7 67. Nd3 Kf6 68. Nf4 1-0